| 000 | 01127nam a22002535i 4500 | ||
|---|---|---|---|
| 001 | 166505 | ||
| 003 | ES-MaACL | ||
| 005 | 20250807051111.0 | ||
| 008 | 011023s1894 sp |||| | spa d | ||
| 080 | _a355.48(460:647)"1893" | ||
| 080 | _a94(460)"1893" | ||
| 080 | _a94(647)"1893" | ||
| 100 | 1 |
_aTorres Campos, Rafael, _d1853-1904 _9110935 |
|
| 245 | 1 | 3 |
_aLa cuestión de Melilla : _bconferencia de D. Rafael Torres Campos y observaciones del Excmo. Señor D. Francisco Coello en la reunión ordinaria de la Sociedad Geográfica de Madrid celebrada el día 9 de enero de 1894. |
| 260 |
_aMadrid : _b[s.n.], _c1894 ( _fEstab. Tip. de Fortanet) |
||
| 300 |
_a40 p. ; _c22 cm. |
||
| 530 | _aDisponible en formato digital. | ||
| 650 | 4 |
_aGuerra de Melilla, 1893. _9149771 |
|
| 700 | 1 |
_aCoello, Francisco, _d1822-1898 _939459 |
|
| 710 | 2 |
_aSociedad Geográfica de Madrid. _96775 |
|
| 852 |
_aES-MaACL _jT-695-F-9 _z- Enc. hol., conservando cub. original _z- Enc. en un vol. facticio |
||
| 856 |
_uhttp://bdh-rd.bne.es/viewer.vm?id=0000108440&page=1 _zBiblioteca Digital Hispánica |
||
| 999 |
_c166505 _d166505 |
||